000 00390cam a2200157ua 4500
003 OSt
008 241227b |||||||| |||| 00| 0 eng d
041 _aeng
082 _a537
_bHAD/MA
100 _aHadley, H.E .
_96643
245 _aMagnetism of electricity for beginners /
250 _a1 /
260 _a :
_bMacMillan and Company Limited ,
_c1945.
300 _a378 ; .
942 _cBK
999 _c1838
_d1838